000 00608nam a2200229 a 4500
001 BRCA_6708
005 20190320205548.0
008 181011s1902----gw-#######---#000-0#ger-#
041 _ager
044 _agw
050 4 _aPT2524
_b.S3 M6
_c1902
100 1 _aStettenheim, Julius
_916762
245 1 0 _aDer moderne Knigge
_cJulius Stettenheim
250 _a4
260 _aBerlín
_bA. Hofmann
_c1902
300 _a4 t. en 2 v.
_c21 cm.
500 _aEstado físico: v.1. Cubiertas mutiladas y le faltan hojas.
500 _aI89
650 1 4 _aLiteratura Alemana
_96160
902 _aGFM
942 _2lcc
_cB
999 _c6391
_d6391